000 00559cam a22001217a 4500
008 180718b1966 xxu||||| |||| 00| 0 eng d
082 _aA81x54 In2/61/17/Pt2&3
100 _aCensus of India 1961
245 _aIndia: union territory of Andaman and Nicobar Islands (general population tables, general economic tables, cultural and migration tables, household economic tables)
260 _aDelhi
_bThe Manager of Publications
_c1966
300 _a481+p.
440 _aCensus of India 1961. Volume XVII, Union territory of Andaman and Nicobar Islands. Part II & III
999 _c484014
_d484014